[Event "African Online-ch Women 2021"]
[Site "Online"]
[Date "2021.02.01"]
[Round "4.8"]
[White "Shaba, Linda Dalitso"]
[Black "Botlhole, Kgalalelo"]
[Result "1-0"]
[WhiteElo "1603"]
[BlackElo "1705"]
[Annotator "NA RC"]
[PlyCount "121"]
[EventDate "2021.02.01"]
[EventType "swiss"]
[EventCountry "NET"]
[SourceTitle "playchess.com"]
[Source "ChessBase"]
[SourceQuality "1"]
[TimeControl "1500+10"]

1. d4 {[%emt 0:00:10]} d5 {[%emt 0:03:03]} 2. c4 {[%emt 0:00:10]} e6 {[%emt 0:00:04]} 3. Nf3 {[%emt 0:00:06]} Nf6 {[%emt 0:00:03]} 4. g3 {[%emt 0:00:03]} c6 {[%emt 0:00:02]} 5. Bg2 {[%emt 0:00:06]} Nbd7 {[%emt 0:00:02]} 6. O-O {[%emt 0:00:57]} Bd6 {[%emt 0:00:07]} 7. Qc2 {[%emt 0:00:26]} O-O {[%emt 0:00:10]} 8. Bg5 {[%emt 0:01:20]} dxc4 {[%emt 0:00:23]} 9. Nbd2 {[%emt 0:01:04]} c5 {[%emt 0:01:17]} 10. Nxc4 {[%emt 0:00:16]} Be7 {[%emt 0:00:04]} 11. Rfd1 {[%emt 0:00:31]} Nd5 {[%emt 0:00:24]} 12. Bxe7 {[%emt 0:00:53]} Qxe7 {[%emt 0:00:05]} 13. e4 {[%emt 0:01:22]} Nb4 {[%emt 0:00:12]} 14. Qb3 {[%emt 0:00:36]} Nf6 {[%emt 0:01:40]} 15. Nfe5 {[%emt 0:01:45]} b5 {[%emt 0:02:23]} 16. Ne3 {[%emt 0:04:40]} c4 {[%emt 0:00:09]} 17. Qc3 {[%emt 0:00:22]} Bb7 {[%emt 0:00:09]} 18. a3 {[%emt 0:00:47]} Nc6 {[%emt 0:01:10]} 19. Nxc6 {[%emt 0:00:26]} Bxc6 {[%emt 0:00:04]} 20. d5 {[%emt 0:01:54]} exd5 {[%emt 0:00:06]} 21. Nxd5 {[%emt 0:00:54]} Bxd5 {[%emt 0:00:16]} 22. exd5 {[%emt 0:02:51]} Rad8 {[%emt 0:00:06]} 23. a4 {[%emt 0:02:01]} a6 {[%emt 0:00:11]} 24. axb5 {[%emt 0:00:04]} axb5 {[%emt 0:00:02]} 25. Ra5 {[%emt 0:00:34]} Rb8 {[%emt 0:01:16]} 26. b3 {[%emt 0:00:19]} Rfc8 {[%emt 0:01:08]} 27. bxc4 {[%emt 0:01:16]} bxc4 {[%emt 0:00:36]} 28. d6 {[%emt 0:00:26]} Qd8 {[%emt 0:00:13]} 29. d7 {[%emt 0:01:29]} Rc7 {[%emt 0:00:17]} 30. Bh3 {[%emt 0:00:27]} h6 {[%emt 0:00:45]} 31. Ra4 {[%emt 0:00:29]} Rb3 {[%emt 0:06:20]} 32. Qc2 {[%emt 0:00:06]} Nxd7 {[%emt 0:00:40]} 33. Rxc4 {[%emt 0:00:21]} Rbb7 {[%emt 0:01:47]} 34. Rxc7 {[%emt 0:00:04]} Rxc7 {[%emt 0:00:06]} 35. Qd2 {[%emt 0:00:05]} Qg5 {[%emt 0:01:52]} 36. Qxg5 {[%emt 0:00:10]} hxg5 {[%emt 0:00:03]} 37. Rxd7 {[%emt 0:00:05]} Rc1+ {[%emt 0:00:03]} 38. Kg2 {[%emt 0:00:03]} f6 {[%emt 0:00:15]} 39. Bf5 {[%emt 0:00:16]} Rc5 {[%emt 0:00:08]} 40. Bg6 {[%emt 0:00:10]} Rc8 {[%emt 0:00:11]} 41. Re7 {[%emt 0:00:11]} Kf8 {[%emt 0:00:04]} 42. Rf7+ {[%emt 0:00:07]} Kg8 {[%emt 0:00:05]} 43. Ra7 {[%emt 0:00:03]} Rd8 {[%emt 0:00:10]} 44. Kf3 {[%emt 0:00:19]} Kf8 {[%emt 0:00:06]} 45. Ke4 {[%emt 0:00:22]} Rd2 {[%emt 0:00:08]} 46. Ke3 {[%emt 0:00:09]} Rd8 {[%emt 0:00:05]} 47. h4 {[%emt 0:00:04]} gxh4 {[%emt 0:00:05]} 48. gxh4 {[%emt 0:00:02]} Kg8 {[%emt 0:00:08]} 49. Ke4 {[%emt 0:00:08]} Kf8 {[%emt 0:00:08]} 50. f4 {[%emt 0:00:13]} Rb8 {[%emt 0:00:49]} 51. Kf5 {[%emt 0:00:19]} Rb5+ {[%emt 0:00:16]} 52. Ke6 {[%emt 0:00:07]} Rb6+ {[%emt 0:00:07]} 53. Kd7 {[%emt 0:00:10]} Rb8 {[%emt 0:00:11]} 54. Rc7 {[%emt 0:00:04]} Ra8 {[%emt 0:00:59]} 55. Rc8+ {[%emt 0:00:14]} Rxc8 {[%emt 0:00:04]} 56. Kxc8 {[%emt 0:00:02]} Ke7 {[%emt 0:00:02]} 57. Kc7 {[%emt 0:00:06]} Ke6 {[%emt 0:00:04]} 58. Kd8 {[%emt 0:00:05]} f5 {[%emt 0:00:07]} 59. Ke8 {[%emt 0:00:07]} Kf6 {[%emt 0:00:02]} 60. h5 {[%emt 0:00:04]} Ke6 {[%emt 0:00:08]} 61. Kf8 {[%emt 0:00:02]} 1-0

[Event "African Online-ch Women 2021"]
[Site "Online"]
[Date "2021.02.01"]
[Round "4.9"]
[White "Farnela, Nuzela Zacarias Musi"]
[Black "Maingi, Sasha"]
[Result "1-0"]
[WhiteElo "1431"]
[BlackElo "1599"]
[Annotator "NA RC"]
[PlyCount "85"]
[EventDate "2021.02.01"]
[EventType "swiss"]
[EventCountry "NET"]
[SourceTitle "playchess.com"]
[Source "ChessBase"]
[SourceQuality "1"]
[TimeControl "1500+10"]

1. e4 {[%emt 0:18:29]} c6 {[%emt 0:00:11]} 2. Nf3 {[%emt 0:00:08]} d5 {[%emt 0:00:06]} 3. Nc3 {[%emt 0:00:28]} Bg4 {[%emt 0:00:07]} 4. d3 {[%emt 0:00:07]} e6 {[%emt 0:00:28]} 5. h3 {[%emt 0:00:05]} Bxf3 {[%emt 0:00:08]} 6. Qxf3 {[%emt 0:00:07]} Nd7 {[%emt 0:00:07]} 7. Be2 {[%emt 0:00:12]} Ngf6 {[%emt 0:03:52]} 8. Bd2 {[%emt 0:00:13]} Be7 {[%emt 0:01:15]} 9. a3 {[%emt 0:00:23]} Qb6 {[%emt 0:01:58]} 10. Rb1 {[%emt 0:04:15]} d4 {[%emt 0:02:39]} 11. Na2 {[%emt 0:00:16]} Bxa3 {[%emt 0:02:50]} 12. O-O {[%emt 0:00:25]} Bd6 {[%emt 0:00:29]} 13. c3 {[%emt 0:00:05]} Be5 {[%emt 0:00:50]} 14. cxd4 {[%emt 0:00:12]} Bxd4 {[%emt 0:00:13]} 15. Be3 {[%emt 0:00:05]} O-O {[%emt 0:01:08]} 16. Nc3 {[%emt 0:00:09]} Ne5 {[%emt 0:02:43]} 17. Qg3 {[%emt 0:00:29]} Rfd8 {[%emt 0:01:14]} 18. Rfd1 {[%emt 0:00:22]} Bxe3 {[%emt 0:00:36]} 19. fxe3 {[%emt 0:00:05]} c5 {[%emt 0:00:34]} 20. Qxe5 {[%emt 0:00:05]} c4 {[%emt 0:00:38]} 21. Qg3 {[%emt 0:00:14]} cxd3 {[%emt 0:00:22]} 22. Rxd3 {[%emt 0:00:05]} Rxd3 {[%emt 0:00:09]} 23. Bxd3 {[%emt 0:00:05]} Rd8 {[%emt 0:00:04]} 24. Be2 {[%emt 0:00:04]} g6 {[%emt 0:01:04]} 25. Kf2 {[%emt 0:00:05]} Rd2 {[%emt 0:00:09]} 26. Qe5 {[%emt 0:00:22]} Kg7 {[%emt 0:00:19]} 27. Qb5 {[%emt 0:00:05]} Qc7 {[%emt 0:00:19]} 28. Rd1 {[%emt 0:00:11]} Rxd1 {[%emt 0:00:43]} 29. Bxd1 {[%emt 0:00:07]} a6 {[%emt 0:00:05]} 30. Qd3 {[%emt 0:00:08]} Qe5 {[%emt 0:00:10]} 31. Qd4 {[%emt 0:00:08]} Qg5 {[%emt 0:00:26]} 32. e5 {[%emt 0:00:13]} Ng8 {[%emt 0:00:44]} 33. Qf4 {[%emt 0:00:06]} Qd8 {[%emt 0:00:23]} 34. Qd4 {[%emt 0:00:07]} Qc7 {[%emt 0:00:17]} 35. Bf3 {[%emt 0:00:05]} b5 {[%emt 0:00:06]} 36. Be2 {[%emt 0:00:21]} Qa5 {[%emt 0:00:21]} 37. Ne4 {[%emt 0:00:27]} Qc7 {[%emt 0:00:25]} 38. Nf6 {[%emt 0:00:09]} Nh6 {[%emt 0:00:22]} 39. Ne8+ {[%emt 0:00:04]} Kg8 {[%emt 0:00:46]} 40. Nxc7 {[%emt 0:00:03]} Nf5 {[%emt 0:00:14]} 41. Qd8+ {[%emt 0:00:10]} Kg7 {[%emt 0:00:03]} 42. Qf6+ {[%emt 0:00:19]} Kh6 {[%emt 0:00:04]} 43. g4 {[%emt 0:00:11]} 1-0

[Event "African Online-ch Women 2021"]
[Site "Online"]
[Date "2021.02.01"]
[Round "4.10"]
[White "Ndirangu, Joyce Nyaruai"]
[Black "Madelta Glenda"]
[Result "0-1"]
[WhiteElo "1659"]
[BlackElo "1420"]
[Annotator "NA RC"]
[PlyCount "80"]
[EventDate "2021.02.01"]
[EventType "swiss"]
[EventCountry "NET"]
[SourceTitle "playchess.com"]
[Source "ChessBase"]
[SourceQuality "1"]
[TimeControl "1500+10"]

1. d4 {[%emt 0:00:00]} d5 {[%emt 0:00:05]} 2. Nf3 {[%emt 0:00:04]} Bf5 {[%emt 0:00:07]} 3. Bf4 {[%emt 0:00:06]} e6 {[%emt 0:00:04]} 4. e3 {[%emt 0:00:02]} Nf6 {[%emt 0:00:06]} 5. Be2 {[%emt 0:00:18]} Bd6 {[%emt 0:01:18]} 6. Ne5 {[%emt 0:02:19]} h6 {[%emt 0:00:41]} 7. Nd2 {[%emt 0:00:25]} Nc6 {[%emt 0:04:53]} 8. c3 {[%emt 0:01:08]} Ne7 {[%emt 0:02:14]} 9. Qb3 {[%emt 0:02:01]} Qc8 {[%emt 0:01:59]} 10. c4 {[%emt 0:03:30]} dxc4 {[%emt 0:03:07]} 11. Bxc4 {[%emt 0:04:13]} O-O {[%emt 0:00:06]} 12. O-O {[%emt 0:00:19]} a6 {[%emt 0:00:05]} 13. a4 {[%emt 0:01:33]} Ng6 {[%emt 0:01:39]} 14. Nxg6 {[%emt 0:01:01]} Bxg6 {[%emt 0:00:06]} 15. Bg3 {[%emt 0:00:07]} Rb8 {[%emt 0:01:06]} 16. Rfc1 {[%emt 0:00:18]} Qd8 {[%emt 0:00:18]} 17. Nf3 {[%emt 0:04:31]} Bxg3 {[%emt 0:00:57]} 18. hxg3 {[%emt 0:00:03]} Be4 {[%emt 0:00:04]} 19. Ne5 {[%emt 0:00:18]} c6 {[%emt 0:00:18]} 20. a5 {[%emt 0:00:42]} Bd5 {[%emt 0:00:16]} 21. f3 {[%emt 0:00:09]} Qd6 {[%emt 0:00:40]} 22. Kf2 {[%emt 0:00:28]} Bxc4 {[%emt 0:00:50]} 23. Nxc4 {[%emt 0:00:15]} Qd5 {[%emt 0:00:07]} 24. Qc3 {[%emt 0:01:09]} Qb5 {[%emt 0:00:38]} 25. e4 {[%emt 0:00:11]} Nd7 {[%emt 0:00:19]} 26. Ra3 {[%emt 0:00:18]} Qg5 {[%emt 0:01:49]} 27. Qe3 {[%emt 0:00:59]} Qe7 {[%emt 0:00:21]} 28. Rb3 {[%emt 0:00:23]} Rfc8 {[%emt 0:00:16]} 29. e5 {[%emt 0:00:12]} c5 {[%emt 0:00:32]} 30. Nd6 {[%emt 0:00:11]} cxd4 {[%emt 0:02:13]} 31. Rxc8+ {[%emt 0:00:04]} Rxc8 {[%emt 0:00:02]} 32. Qxd4 {[%emt 0:00:02]} Rc7 {[%emt 0:00:07]} 33. Rxb7 {[%emt 0:02:33]} Rxb7 {[%emt 0:00:06]} 34. Nxb7 {[%emt 0:00:06]} Nxe5 {[%emt 0:00:06]} 35. Qb6 {[%emt 0:00:32]} Nc4 {[%emt 0:00:55]} 36. Qc6 {[%emt 0:00:12]} Qb4 {[%emt 0:01:10]} 37. Qxa6 {[%emt 0:00:10]} Qxb2+ {[%emt 0:00:06]} 38. Kg1 {[%emt 0:00:03]} Ne3 {[%emt 0:00:20]} 39. Qf1 {[%emt 0:00:20]} Nxf1 {[%emt 0:00:03]} 40. Kxf1 {[%emt 0:00:02]} Qxb7 {[%emt 0:00:04]} 0-1

[Event "African Online-ch Women 2021"]
[Site "Online"]
[Date "2021.02.01"]
[Round "4.11"]
[White "Vilhete, Vania Fausto Da T."]
[Black "Karania, Saloni"]
[Result "1-0"]
[WhiteElo "1799"]
[BlackElo "1304"]
[Annotator "NA RC"]
[PlyCount "97"]
[EventDate "2021.02.01"]
[EventType "swiss"]
[EventCountry "NET"]
[SourceTitle "playchess.com"]
[Source "ChessBase"]
[SourceQuality "1"]
[TimeControl "1500+10"]

1. d4 {[%emt 0:00:00]} d5 {[%emt 0:00:08]} 2. c4 {[%emt 0:00:06]} e6 {[%emt 0:00:20]} 3. Nf3 {[%emt 0:00:07]} Nc6 {[%emt 0:00:14]} 4. e3 {[%emt 0:00:05]} Nf6 {[%emt 0:00:19]} 5. Bd3 {[%emt 0:00:06]} g6 {[%emt 0:00:10]} 6. O-O {[%emt 0:00:08]} Bg7 {[%emt 0:00:03]} 7. Nbd2 {[%emt 0:00:09]} O-O {[%emt 0:00:31]} 8. b3 {[%emt 0:00:18]} Ne7 {[%emt 0:00:17]} 9. Bb2 {[%emt 0:00:08]} c6 {[%emt 0:00:21]} 10. Rc1 {[%emt 0:00:10]} Re8 {[%emt 0:00:42]} 11. Re1 {[%emt 0:00:11]} Bd7 {[%emt 0:01:36]} 12. Ne5 {[%emt 0:00:43]} Nh5 {[%emt 0:01:16]} 13. Ndf3 {[%emt 0:00:52]} b6 {[%emt 0:01:05]} 14. a4 {[%emt 0:00:57]} Rc8 {[%emt 0:00:17]} 15. cxd5 {[%emt 0:01:44]} exd5 {[%emt 0:00:48]} 16. Be2 {[%emt 0:00:53]} Nf5 {[%emt 0:01:48]} 17. g4 {[%emt 0:02:55]} Nxe3 {[%emt 0:01:26]} 18. fxe3 {[%emt 0:00:32]} Nf6 {[%emt 0:00:20]} 19. h3 {[%emt 0:04:11]} Ne4 {[%emt 0:01:00]} 20. Bd3 {[%emt 0:01:11]} f6 {[%emt 0:01:30]} 21. Nxd7 {[%emt 0:00:17]} Qxd7 {[%emt 0:00:07]} 22. Nd2 {[%emt 0:01:07]} f5 {[%emt 0:01:32]} 23. Nxe4 {[%emt 0:01:50]} fxe4 {[%emt 0:00:55]} 24. Ba6 {[%emt 0:00:42]} Rb8 {[%emt 0:00:29]} 25. Rf1 {[%emt 0:00:11]} b5 {[%emt 0:00:39]} 26. Qe2 {[%emt 0:01:28]} Rb6 {[%emt 0:00:59]} 27. axb5 {[%emt 0:00:13]} cxb5 {[%emt 0:00:40]} 28. Ra1 {[%emt 0:00:18]} Ree6 {[%emt 0:00:41]} 29. Bc8 {[%emt 0:02:19]} Qxc8 {[%emt 0:00:44]} 30. Rxa7 {[%emt 0:00:17]} Rb7 {[%emt 0:01:05]} 31. Rfa1 {[%emt 0:00:40]} Rxa7 {[%emt 0:00:21]} 32. Rxa7 {[%emt 0:00:07]} Qb8 {[%emt 0:00:10]} 33. Rd7 {[%emt 0:01:47]} Qg3+ {[%emt 0:00:56]} 34. Qg2 {[%emt 0:00:08]} Qxe3+ {[%emt 0:00:12]} 35. Kh2 {[%emt 0:00:04]} Rf6 {[%emt 0:01:08]} 36. Rd8+ {[%emt 0:02:09]} Kf7 {[%emt 0:00:12]} 37. Rd7+ {[%emt 0:00:28]} Ke8 {[%emt 0:00:14]} 38. Bc1 {[%emt 0:00:08]} Qf2 {[%emt 0:01:13]} 39. Rxg7 {[%emt 0:00:21]} Qxd4 {[%emt 0:01:02]} 40. Bb2 {[%emt 0:00:55]} Qf2 {[%emt 0:01:10]} 41. Bxf6 {[%emt 0:00:07]} Qxf6 {[%emt 0:00:37]} 42. Rxh7 {[%emt 0:00:19]} Qf4+ {[%emt 0:00:12]} 43. Qg3 {[%emt 0:00:17]} Qd2+ {[%emt 0:00:03]} 44. Qg2 {[%emt 0:00:04]} Qf4+ {[%emt 0:00:03]} 45. Kg1 {[%emt 0:00:07]} Qe3+ {[%emt 0:00:11]} 46. Qf2 {[%emt 0:00:04]} Qc1+ {[%emt 0:00:06]} 47. Kg2 {[%emt 0:00:04]} Qa3 {[%emt 0:01:32]} 48. Qf7+ {[%emt 0:00:06]} Kd8 {[%emt 0:00:05]} 49. Qd7# {[%emt 0:00:03]} 1-0

[Event "African Online-ch Women 2021"]
[Site "Online"]
[Date "2021.02.01"]
[Round "4.12"]
[White "Du Plessis, Anika"]
[Black "Leboela, Maboloko"]
[Result "1-0"]
[WhiteElo "1541"]
[BlackElo "1296"]
[Annotator "NA RC"]
[PlyCount "99"]
[EventDate "2021.02.01"]
[EventType "swiss"]
[EventCountry "NET"]
[SourceTitle "playchess.com"]
[Source "ChessBase"]
[SourceQuality "1"]
[TimeControl "1500+10"]

1. e4 {[%emt 0:00:00]} c5 {[%emt 0:00:05]} 2. Nf3 {[%emt 0:00:03]} Nc6 {[%emt 0:00:06]} 3. d4 {[%emt 0:00:03]} cxd4 {[%emt 0:00:03]} 4. Nxd4 {[%emt 0:00:02]} d6 {[%emt 0:00:05]} 5. Bc4 {[%emt 0:00:29]} Nf6 {[%emt 0:00:07]} 6. Nc3 {[%emt 0:00:14]} g6 {[%emt 0:00:05]} 7. O-O {[%emt 0:00:06]} Bg7 {[%emt 0:00:03]} 8. Nde2 {[%emt 0:00:15]} O-O {[%emt 0:00:05]} 9. Bg5 {[%emt 0:01:37]} Ne5 {[%emt 0:00:46]} 10. Bb3 {[%emt 0:00:41]} b6 {[%emt 0:00:33]} 11. Nd5 {[%emt 0:02:21]} Nxd5 {[%emt 0:00:49]} 12. Bxd5 {[%emt 0:00:08]} Rb8 {[%emt 0:00:05]} 13. Nc3 {[%emt 0:02:08]} Qc7 {[%emt 0:00:30]} 14. Nb5 {[%emt 0:02:20]} Qd7 {[%emt 0:00:09]} 15. Nc3 {[%emt 0:00:50]} e6 {[%emt 0:00:08]} 16. Bb3 {[%emt 0:00:20]} b5 {[%emt 0:01:26]} 17. a4 {[%emt 0:02:35]} b4 {[%emt 0:00:06]} 18. Nb5 {[%emt 0:00:05]} Rb6 {[%emt 0:00:37]} 19. Qd2 {[%emt 0:00:33]} a6 {[%emt 0:00:42]} 20. Nd4 {[%emt 0:00:26]} Bb7 {[%emt 0:00:49]} 21. a5 {[%emt 0:00:27]} Rb5 {[%emt 0:00:50]} 22. Nxb5 {[%emt 0:00:49]} Qxb5 {[%emt 0:00:12]} 23. Bh6 {[%emt 0:00:13]} Nc4 {[%emt 0:00:19]} 24. Bxc4 {[%emt 0:00:06]} Qxc4 {[%emt 0:00:05]} 25. Bxg7 {[%emt 0:00:03]} Kxg7 {[%emt 0:00:04]} 26. Qxd6 {[%emt 0:00:17]} Qxe4 {[%emt 0:00:15]} 27. f3 {[%emt 0:00:11]} Qxc2 {[%emt 0:00:30]} 28. Qxb4 {[%emt 0:00:05]} Bd5 {[%emt 0:00:22]} 29. Qc3+ {[%emt 0:00:33]} Qxc3 {[%emt 0:00:05]} 30. bxc3 {[%emt 0:00:01]} Bc4 {[%emt 0:00:05]} 31. Rfd1 {[%emt 0:00:05]} Rb8 {[%emt 0:00:07]} 32. Rab1 {[%emt 0:00:06]} Rc8 {[%emt 0:00:08]} 33. Rb7 {[%emt 0:00:16]} Bd5 {[%emt 0:00:29]} 34. Rb6 {[%emt 0:00:09]} Bc4 {[%emt 0:00:06]} 35. Kf2 {[%emt 0:00:20]} h5 {[%emt 0:00:04]} 36. Ke3 {[%emt 0:00:40]} Kf6 {[%emt 0:00:06]} 37. h4 {[%emt 0:00:18]} Kf5 {[%emt 0:00:19]} 38. Rb7 {[%emt 0:00:12]} f6 {[%emt 0:00:14]} 39. Rb4 {[%emt 0:00:19]} Bd5 {[%emt 0:00:21]} 40. Rd3 {[%emt 0:00:47]} Bc4 {[%emt 0:00:33]} 41. Rd4 {[%emt 0:00:36]} Bd5 {[%emt 0:00:49]} 42. Kd3 {[%emt 0:00:11]} Rc5 {[%emt 0:00:16]} 43. c4 {[%emt 0:00:20]} Bc6 {[%emt 0:00:36]} 44. Rb6 {[%emt 0:00:13]} e5 {[%emt 0:00:50]} 45. Rd6 {[%emt 0:00:14]} e4+ {[%emt 0:00:08]} 46. Kd4 {[%emt 0:00:29]} Rxa5 {[%emt 0:02:26]} 47. Rbxc6 {[%emt 0:00:09]} exf3 {[%emt 0:00:20]} 48. gxf3 {[%emt 0:00:05]} Kf4 {[%emt 0:00:02]} 49. Rxf6+ {[%emt 0:00:05]} Kg3 {[%emt 0:00:03]} 50. Rxa6 {[%emt 0:00:27]} 1-0

[Event "African Online-ch Women 2021"]
[Site "Online"]
[Date "2021.02.01"]
[Round "4.13"]
[White "Ibtihal Mohammed"]
[Black "Joao, Delfina"]
[Result "0-1"]
[WhiteElo "1491"]
[BlackElo "1727"]
[Annotator "NA RC"]
[PlyCount "89"]
[EventDate "2021.02.01"]
[EventType "swiss"]
[EventCountry "NET"]
[SourceTitle "playchess.com"]
[Source "ChessBase"]
[SourceQuality "1"]
[TimeControl "1500+10"]

1. e4 {[%emt 0:00:00]} e6 {[%emt 0:00:06]} 2. d4 {[%emt 0:00:07]} d5 {[%emt 0:00:04]} 3. e5 {[%emt 0:00:04]} c5 {[%emt 0:00:04]} 4. c3 {[%emt 0:00:03]} Nc6 {[%emt 0:00:06]} 5. Nf3 {[%emt 0:00:04]} Qb6 {[%emt 0:00:06]} 6. Bd3 {[%emt 0:00:06]} Bd7 {[%emt 0:00:05]} 7. dxc5 {[%emt 0:00:03]} Bxc5 {[%emt 0:00:07]} 8. O-O {[%emt 0:00:04]} Qc7 {[%emt 0:01:05]} 9. Bf4 {[%emt 0:00:09]} Nge7 {[%emt 0:00:25]} 10. Nbd2 {[%emt 0:00:08]} O-O {[%emt 0:00:37]} 11. Nb3 {[%emt 0:00:04]} Bb6 {[%emt 0:00:07]} 12. Rc1 {[%emt 0:00:25]} Ng6 {[%emt 0:00:07]} 13. Bg3 {[%emt 0:00:10]} Rac8 {[%emt 0:00:23]} 14. Nbd4 {[%emt 0:00:03]} Nxd4 {[%emt 0:06:14]} 15. cxd4 {[%emt 0:01:39]} Qxc1 {[%emt 0:00:37]} 16. Qxc1 {[%emt 0:00:05]} Rxc1 {[%emt 0:00:05]} 17. Rxc1 {[%emt 0:00:02]} Ne7 {[%emt 0:00:06]} 18. Bh4 {[%emt 0:00:19]} Nc6 {[%emt 0:00:26]} 19. Rd1 {[%emt 0:00:29]} Rc8 {[%emt 0:01:19]} 20. Bb5 {[%emt 0:00:08]} a6 {[%emt 0:00:08]} 21. Bxc6 {[%emt 0:00:03]} Rxc6 {[%emt 0:00:12]} 22. b3 {[%emt 0:00:11]} Rc2 {[%emt 0:00:09]} 23. a3 {[%emt 0:00:12]} Bb5 {[%emt 0:01:09]} 24. Bg5 {[%emt 0:01:49]} Be2 {[%emt 0:00:32]} 25. Rc1 {[%emt 0:00:05]} Rxc1+ {[%emt 0:00:10]} 26. Bxc1 {[%emt 0:00:04]} Bxf3 {[%emt 0:00:05]} 27. gxf3 {[%emt 0:00:03]} Bxd4 {[%emt 0:00:02]} 28. f4 {[%emt 0:00:03]} f6 {[%emt 0:00:08]} 29. Be3 {[%emt 0:00:04]} Bxe3 {[%emt 0:00:12]} 30. fxe3 {[%emt 0:00:02]} fxe5 {[%emt 0:00:03]} 31. fxe5 {[%emt 0:00:03]} Kf7 {[%emt 0:00:03]} 32. Kf2 {[%emt 0:00:05]} Kg6 {[%emt 0:00:04]} 33. Kf3 {[%emt 0:00:06]} Kf5 {[%emt 0:00:03]} 34. h3 {[%emt 0:00:06]} Kxe5 {[%emt 0:00:05]} 35. h4 {[%emt 0:00:04]} Kf5 {[%emt 0:00:04]} 36. a4 {[%emt 0:00:03]} b6 {[%emt 0:00:05]} 37. b4 {[%emt 0:00:03]} e5 {[%emt 0:00:06]} 38. b5 {[%emt 0:00:05]} axb5 {[%emt 0:00:08]} 39. axb5 {[%emt 0:00:03]} g6 {[%emt 0:00:09]} 40. Kg3 {[%emt 0:00:09]} Ke4 {[%emt 0:00:14]} 41. Kf2 {[%emt 0:00:02]} h6 {[%emt 0:00:06]} 42. Ke2 {[%emt 0:00:08]} g5 {[%emt 0:00:06]} 43. hxg5 {[%emt 0:00:03]} hxg5 {[%emt 0:00:03]} 44. Kf2 {[%emt 0:00:03]} g4 {[%emt 0:00:08]} 45. Ke2 {[%emt 0:00:03]} 0-1

[Event "African Online-ch Women 2021"]
[Site "Online"]
[Date "2021.02.01"]
[Round "4.14"]
[White "Malehloa, Likhomo"]
[Black "Castro, Neusa Aridas De"]
[Result "1-0"]
[WhiteElo "1331"]
[BlackElo "1512"]
[Annotator "NA RC"]
[PlyCount "147"]
[EventDate "2021.02.01"]
[EventType "swiss"]
[EventCountry "NET"]
[SourceTitle "playchess.com"]
[Source "ChessBase"]
[SourceQuality "1"]
[TimeControl "1500+10"]

1. d4 {[%emt 0:00:00]} e6 {[%emt 0:00:12]} 2. Nc3 {[%emt 0:00:05]} d5 {[%emt 0:00:04]} 3. Bf4 {[%emt 0:00:08]} c5 {[%emt 0:00:05]} 4. e3 {[%emt 0:00:10]} Qb6 {[%emt 0:00:06]} 5. b3 {[%emt 0:01:47]} Nc6 {[%emt 0:00:14]} 6. Nf3 {[%emt 0:00:35]} Bd7 {[%emt 0:00:06]} 7. Be2 {[%emt 0:00:07]} Nge7 {[%emt 0:01:10]} 8. O-O {[%emt 0:00:05]} Ng6 {[%emt 0:00:08]} 9. Bg3 {[%emt 0:00:07]} cxd4 {[%emt 0:00:29]} 10. exd4 {[%emt 0:00:20]} Be7 {[%emt 0:00:11]} 11. Nb5 {[%emt 0:01:08]} O-O {[%emt 0:00:17]} 12. c4 {[%emt 0:00:19]} dxc4 {[%emt 0:01:49]} 13. bxc4 {[%emt 0:00:21]} a6 {[%emt 0:00:15]} 14. Nc3 {[%emt 0:00:11]} Bf6 {[%emt 0:00:23]} 15. Rb1 {[%emt 0:00:27]} Qa5 {[%emt 0:00:45]} 16. Ne4 {[%emt 0:00:06]} Nd8 {[%emt 0:03:52]} 17. Nxf6+ {[%emt 0:00:12]} gxf6 {[%emt 0:00:04]} 18. Qd2 {[%emt 0:01:55]} Qxd2 {[%emt 0:00:28]} 19. Nxd2 {[%emt 0:00:09]} Bc6 {[%emt 0:00:02]} 20. Rb2 {[%emt 0:01:16]} f5 {[%emt 0:00:05]} 21. f3 {[%emt 0:00:19]} f6 {[%emt 0:00:16]} 22. Bf2 {[%emt 0:00:09]} Nf7 {[%emt 0:00:08]} 23. Rfb1 {[%emt 0:00:14]} Nf4 {[%emt 0:00:09]} 24. Bf1 {[%emt 0:00:14]} Ng5 {[%emt 0:01:33]} 25. Be3 {[%emt 0:00:46]} Ng6 {[%emt 0:00:13]} 26. Bf2 {[%emt 0:01:23]} Rad8 {[%emt 0:00:32]} 27. Nb3 {[%emt 0:00:22]} b6 {[%emt 0:03:24]} 28. Nd2 {[%emt 0:00:39]} b5 {[%emt 0:00:56]} 29. cxb5 {[%emt 0:00:09]} axb5 {[%emt 0:00:04]} 30. Bxb5 {[%emt 0:00:06]} Bxb5 {[%emt 0:00:03]} 31. Rxb5 {[%emt 0:00:04]} Nf4 {[%emt 0:00:02]} 32. Be3 {[%emt 0:01:02]} Ne2+ {[%emt 0:00:10]} 33. Kf2 {[%emt 0:00:15]} Nxd4 {[%emt 0:00:04]} 34. Bxd4 {[%emt 0:00:28]} Rxd4 {[%emt 0:00:10]} 35. R1b2 {[%emt 0:00:24]} Rfd8 {[%emt 0:00:08]} 36. Nf1 {[%emt 0:00:31]} R8d7 {[%emt 0:00:44]} 37. R5b4 {[%emt 0:01:05]} R4d6 {[%emt 0:00:37]} 38. Rb7 {[%emt 0:00:27]} Nf7 {[%emt 0:00:14]} 39. Rxd7 {[%emt 0:00:09]} Rxd7 {[%emt 0:00:07]} 40. a4 {[%emt 0:00:05]} Ra7 {[%emt 0:00:08]} 41. Ra2 {[%emt 0:00:03]} Nd6 {[%emt 0:00:05]} 42. Ne3 {[%emt 0:00:08]} Kf7 {[%emt 0:00:07]} 43. Ke2 {[%emt 0:00:07]} Nb5 {[%emt 0:00:11]} 44. Kd3 {[%emt 0:00:27]} Ke7 {[%emt 0:00:21]} 45. Kc4 {[%emt 0:00:05]} Nd6+ {[%emt 0:00:04]} 46. Kc5 {[%emt 0:00:12]} Kd7 {[%emt 0:00:18]} 47. a5 {[%emt 0:00:18]} Ra6 {[%emt 0:00:17]} 48. Kb4 {[%emt 0:00:23]} Kc6 {[%emt 0:00:07]} 49. Rc2+ {[%emt 0:00:09]} Kd7 {[%emt 0:00:05]} 50. Nc4 {[%emt 0:00:12]} Nb7 {[%emt 0:00:14]} 51. Kb5 {[%emt 0:00:15]} Ra8 {[%emt 0:00:18]} 52. a6 {[%emt 0:00:05]} Nd8 {[%emt 0:00:12]} 53. Nb6+ {[%emt 0:00:12]} Kd6 {[%emt 0:01:05]} 54. Nxa8 {[%emt 0:00:05]} Nf7 {[%emt 0:00:12]} 55. Rd2+ {[%emt 0:00:15]} Ke5 {[%emt 0:00:05]} 56. Nc7 {[%emt 0:00:08]} Nd6+ {[%emt 0:00:11]} 57. Kc6 {[%emt 0:00:23]} Nc8 {[%emt 0:00:14]} 58. Kb7 {[%emt 0:00:27]} Nd6+ {[%emt 0:00:07]} 59. Rxd6 {[%emt 0:00:12]} Kxd6 {[%emt 0:00:03]} 60. a7 {[%emt 0:00:03]} e5 {[%emt 0:00:03]} 61. a8=Q {[%emt 0:00:04]} e4 {[%emt 0:00:01]} 62. fxe4 {[%emt 0:00:04]} fxe4 {[%emt 0:00:03]} 63. Qd8+ {[%emt 0:00:05]} Ke5 {[%emt 0:00:05]} 64. Qe7+ {[%emt 0:00:02]} Kd4 {[%emt 0:00:03]} 65. Qxh7 {[%emt 0:00:04]} e3 {[%emt 0:00:03]} 66. Qe7 {[%emt 0:00:10]} f5 {[%emt 0:00:04]} 67. h4 {[%emt 0:00:03]} f4 {[%emt 0:00:02]} 68. h5 {[%emt 0:00:03]} Kd3 {[%emt 0:00:03]} 69. h6 {[%emt 0:00:02]} e2 {[%emt 0:00:01]} 70. h7 {[%emt 0:00:03]} Kd2 {[%emt 0:00:02]} 71. h8=Q {[%emt 0:00:03]} e1=Q {[%emt 0:00:03]} 72. Qxe1+ {[%emt 0:00:03]} Kxe1 {[%emt 0:00:02]} 73. Nd5 {[%emt 0:00:08]} Kf2 {[%emt 0:00:02]} 74. Nxf4 {[%emt 0:00:03]} 1-0